00849nam a22002177a 4500999001500000001000500015003000900020005001700029008004100046040003800087082002100125100001900146245005200165260008900217300002400306650002100330650003000351942001200381952011900393952011900512 c7793d77938363BD-DhUAP20210201150828.0200203s1991 bg b 000 0 ben  aBD-DhUAPcBD-DhUAPdBD-DhUAPbEng00223a347.5492 HOQ aHoque, Azizul.10aThe Legal system of Bangladesh /cAzizul Hoque. aDhaka, Bangladesh :bBangladesh institute of law and International affairs,c[...?]. a107 pages ;c22 cm. 0aLawzBangladesh. 0aLawzBangladeshxHistory. 2ddccBK 00102ddc4070aUAPCLbUAPCLcReserve Stacksd2021-02-01o347.5492 HOQp3010008363r2021-02-01t1w2021-02-01yBK 00102ddc4070aUAPCLbUAPCLcReserve Stacksd2021-02-01o347.5492 HOQp3010008815r2021-02-01t2w2021-02-01yBK